000
00292nam a22001097a 4500
008
250107b |||||||| |||| 00| 0 eng d
100
_a
G Gupta
245
_a
Fourier Series & Fourier Transforms & Their Applications
260
_a
Meerut
_b
Pragati Pub.
_c
1995
300
_a
110
942
_2
ddc
_c
BK
999
_c
21062
_d
21062